000 00496nam a2200193Ia 4500
005 20250117054319.0
008 240331s9999 xx 000 0 und d
020 _a0415031990
082 _bSEI
_23577
_a305.3
100 _aSeidler, V. J
245 0 _aRediscovering Masculinity:
_bReason, Language and Sexuality
260 _aLondon
_aNew York
_bRoutledge
_c1989
300 _axvi, 234 p.,
650 _aMasculinity
650 _aMen
650 _aSexuality
650 _aPolitics
942 _cL
999 _c1606
_d1606